000 00746nam a2200217 i 4500
001 183243
003 ES-MaACL
005 20251013063140.0
008 140131s2005 sp | |||| ||spa d
020 _a84-88954-57-3
080 _a821.134.2-92"19"
100 1 _aAlejo, Justo,
_d1936-1979
_9154343
245 1 0 _aProsa errante /
_cJusto Alejo ; edición preparada por Juan Luis Rodríguez Bravo.
260 _aZamora :
_bSemuret,
_c2005.
300 _a233 p. :
_bil. ;
_c21 cm.
490 1 _aBiblioteca de cultura tradicional zamorana ;
_v10
700 1 _aRodríguez Bravo, Juan Luis.
_9146541
830 0 _aBiblioteca de cultura tradicional zamorana ;
_v10
_9224958
852 _aES-MaACL
_jL-30057
999 _c183243
_d183243